| 000 | 01342nam1a2200313 i 4500 | ||
|---|---|---|---|
| 001 | RU\NLR\BIBL_A\012921503 | ||
| 005 | 20240922044509.0 | ||
| 035 | _a(NLR Aleph) 012921503 | ||
| 090 |
_a12645721 _c12645721 |
||
| 100 | _a20221026d2017 u y0rusy50 ca | ||
| 101 | 1 |
_arus _cabk |
|
| 102 | _aRU | ||
| 105 | _a||||z||||||a| | ||
| 181 | 0 |
_ai _baxxe |
|
| 182 | 0 | _an | |
| 200 | 1 |
_aИзбранные произведения _eперевод с абхазского _eв трех томах _fБаграт Шинкуба _gсоставитель: поэт-академик М. Т. Ласуриа _g[редактор: Даур Начкебиа] |
|
| 203 |
_aТекст _bвизуальный _cнепосредственный |
||
| 210 |
_aСухум _cАбгосиздат _d2017 |
||
| 215 | _d21 | ||
| 686 | 2 | _aШ6(2=Аб)7я44 | |
| 700 | 1 |
_7ca _8rus _aШинкуба _bБ. В. _f1917-2004 _gБаграт Васильевич _9249954 _3RU\NLR\AUTH\770250010 |
|
| 702 | 1 |
_aЛасуриа _bМ. Т. _f1938- _gМушни Таевич _4220 |
|
| 702 | 1 |
_4340 _7ca _8rus _aНачкебиа _bД. К. _f1960- _gДаур Капитонович _9238280 _3RU\NLR\AUTH\770238336 |
|
| 852 |
_aNLR _j2022-3/29600 |
||
| 942 | _cBOOK | ||